Moonlight road :Virgin River / Robyn Carr.
With her beloved younger siblings settled and happy, Erin Foley has empty nest syndrome. At age thirty-five. So she's hitting the pause button on her life and holing up in a secluded (but totally upgraded—she's not into roughing it) cabin near Virgin River. Erin is planning on getting to know herself…not the shaggy-haired mountain man she meets. In fact, beneath his faded fatigues and bushy beard, Aiden Riordan is a doctor, recharging for a summer after leaving the navy. He's intrigued by the pretty, slightly snooty refugee from the rat race—her meditating and journaling are definitely keeping him at arm's length. He'd love to get closer…if his scruffy exterior and crazy ex-wife don't hold him back. But maybe it's something in the water—unlikely romances seem to take root in Virgin River…helped along by some well-intentioned meddling, of course.
Record details
- ISBN: 9780778327684
- ISBN: 077832768X
- ISBN: 1615239014
- ISBN: 9781615239016
- Physical Description: 409 pages ; 17 cm
- Publisher: Don Mills, Ont. : MIRA, c2010.
Search for related items by subject
| Subject: | Veterans > Fiction. Physicians > Fiction. Man-woman relationships > Fiction. California, Northern > Fiction. |
| Genre: | Love stories. Romance fiction. |
Search for related items by series
Available copies
- 1 of 1 copy available at scottsboropl.
Holds
- 0 current holds with 1 total copy.
Show Only Available Copies
| Location | Call Number / Copy Notes | Barcode | Shelving Location | Status | Due Date |
|---|---|---|---|---|---|
| scottsboropl | F Car | 32269001076499 | Adult - Fiction | Available | - |
| LDR | 01808nam a2200361Ia 4500 | ||
|---|---|---|---|
| 001 | 135467 | ||
| 003 | SBPL | ||
| 005 | 20140703073309.0 | ||
| 008 | 090916s2010 onc 000 1 eng d | ||
| 020 | . | ‡a9780778327684 ‡q(pbk.) | |
| 020 | . | ‡a077832768X ‡q(pbk.) | |
| 020 | . | ‡a1615239014 | |
| 020 | . | ‡a9781615239016 | |
| 035 | . | ‡a(CONS)135467 | |
| 035 | . | ‡a(CPomAG)LMN560096 | |
| 050 | 4. | ‡aPS3553.A76334 ‡bM 66 2010 | |
| 055 | 0 | 0. | ‡aPR1309 L68 ‡bM5 no. 1144 |
| 082 | 0 | 4. | ‡a813/.54 ‡222 |
| 100 | 1 | . | ‡aCarr, Robyn. : ‡eauthor |
| 245 | 1 | 0. | ‡aMoonlight road :Virgin River / ‡cRobyn Carr. |
| 260 | . | ‡aDon Mills, Ont. : ‡bMIRA, ‡cc2010. | |
| 300 | . | ‡a409 pages ; ‡c17 cm | |
| 336 | . | ‡atext ‡btxt ‡2rdacontent | |
| 337 | . | ‡aunmediated ‡bn ‡2rdamedia | |
| 338 | . | ‡avolume ‡bnc ‡2rdacarrier | |
| 490 | 1 | . | ‡aVirgin River novel : ‡vBk 10 |
| 520 | . | ‡aWith her beloved younger siblings settled and happy, Erin Foley has empty nest syndrome. At age thirty-five. So she's hitting the pause button on her life and holing up in a secluded (but totally upgraded—she's not into roughing it) cabin near Virgin River. Erin is planning on getting to know herself…not the shaggy-haired mountain man she meets. In fact, beneath his faded fatigues and bushy beard, Aiden Riordan is a doctor, recharging for a summer after leaving the navy. He's intrigued by the pretty, slightly snooty refugee from the rat race—her meditating and journaling are definitely keeping him at arm's length. He'd love to get closer…if his scruffy exterior and crazy ex-wife don't hold him back. But maybe it's something in the water—unlikely romances seem to take root in Virgin River…helped along by some well-intentioned meddling, of course. | |
| 650 | 0. | ‡aVeterans ‡vFiction. | |
| 650 | 0. | ‡aPhysicians ‡vFiction. | |
| 650 | 0. | ‡aMan-woman relationships ‡vFiction. | |
| 651 | 0. | ‡aCalifornia, Northern ‡vFiction. | |
| 655 | 7. | ‡aLove stories. | |
| 655 | 7. | ‡aRomance fiction. ‡2lcgft | |
| 800 | 1 | . | ‡aCarr, Robyn. ‡tVirgin River series. : ‡vBk 10 |
| 901 | . | ‡a135467 ‡bUnknown ‡c135467 ‡tbiblio | |